[Event "Bad Woerishofen op 17th"]
[Site "Bad Woerishofen"]
[Date "2001.??.??"]
[Round "7"]
[White "Grundl, Manfred"]
[Black "Kayser, Wilhelm"]
[Result "1/2-1/2"]
[WhiteElo "1800"]
[BlackElo "1469"]
[PlyCount "41"]
[EventDate "2001.03.15"]
[EventType "swiss"]
[EventRounds "9"]
[EventCountry "GER"]
[SourceTitle "CBM 081 Extra"]
[Source "ChessBase"]
[SourceDate "2001.05.06"]
[SourceVersion "1"]
[SourceVersionDate "2001.05.06"]
[SourceQuality "1"]

1. d4 c6 2. c4 d5 3. Nf3 Bg4 4. e3 Nd7 5. Be2 e6 6. 0-0 c5 7. cxd5 exd5 8. Nc3 Ngf6 9. b3 cxd4 10. Nxd4 Bxe2 11. Ndxe2 Ne5 12. Bb2 Nc6 13. a3 Be7 14. Qd2 Qd7 15. Rfd1 0-0-0 16. Rac1 Kb8 17. Nb5 a6 18. Nbd4 Rc8 19. Rc2 Ne4 20. Nxc6+ Rxc6 21. Qd3 1/2-1/2